Sports Quiz

Random Sports or NBA Quiz
Score 0/37 Timer 06:00
3 Plays Today
Period (Primary Team) Player % Correct
1989-1998 (Bulls)Michael Jordan
95.3%
2002-2012 (Lakers)Kobe Bryant
89.7%
1985-2002 (Jazz)John Stockton
89.6%
2006-2012 (Cavaliers)LeBron James
85.8%
2002-2016 (Mavericks)Dirk Nowitzki
84.6%
2008-2018 (Spurs)Tony Parker
84.3%
2002-2007 (Spurs)Tony Parker
84.2%
1997-2013 (Nets)Jason Kidd
82.4%
1994-2004 (Jazz)Karl Malone
79.1%
1993-2005 (Pacers)Reggie Miller
78.4%
2013-pres (Cavaliers)LeBron James
75%
1984-1989 (Lakers)Magic Johnson
74.1%
1984-1992 (Pistons)Vinnie Johnson
73.5%
1999-2010 (Pacers)Anthony Johnson
73.5%
1997-2013 (Suns)Steve Nash
72.1%
2010-pres (Thunder)Kevin Durant
67.7%
2008-pres (Celtics)Rajon Rondo
46.6%
2004-2014 (Pistons)Tayshaun Prince
43.7%
1990-2003 (Bulls)Steve Kerr
43%
Period (Primary Team) Player % Correct
2011-pres (Spurs)Danny Green
42.9%
2014-pres (Warriors)Andre Iguodala
41.8%
2005-2018 (Mavericks)Jason Terry
37.9%
2010-pres (Hawks)Al Horford
34.5%
1988-2004 (Pacers)Mark Jackson
33.7%
1984-1990 (Lakers)Byron Scott
28.3%
2002-2008 (Lakers)Robert Horry
26.8%
2002-2016 (Nets)Richard Jefferson
26.3%
2000-2009 (Spurs)Bruce Bowen
23.7%
2001-2010 (Mavericks)Michael Finley
23.4%
2009-2017 (Heat)James Jones
21.2%
1984-1990 (Lakers)Michael Cooper
21.2%
1990-1999 (Bulls)B.J. Armstrong
20.2%
1984-1991 (Lakers)Kurt Rambis
16.5%
1989-2001 (Suns)Dan Majerle
16.2%
2006-pres (Warriors)Shaun Livingston
11.3%
1996-2009 (Pistons)Lindsey Hunter
6.9%
2007-pres (Rockets)Trevor Ariza
3.9%
Remove Ads.
Support Sporcle.
Get the best of Sporcle when you Go Orange. This ad-free experience offers more features, more stats, and more fun while also helping to support Sporcle. Thank you for becoming a member.

You're not logged in!

Compare scores with friends on all Sporcle quizzes.
OR
Log In

Show Comments

Extras

Top Quizzes Today


Score Distribution

Your Account Isn't Verified!

In order to create a playlist on Sporcle, you need to verify the email address you used during registration. Go to your Sporcle Settings to finish the process.

Report this User

Report this user for behavior that violates our Community Guidelines.

Details: